000 00739nam a2200241 i 4500
001 6391
003 ES-MaACL
005 20250809063445.0
007 t|
008 891009s1989 fr ||||1| fre d
020 _a2-07-032298-X
080 _a9(44)"1789/1799"
080 _a323.272(44)"1789/1799"
100 1 _aFuret, François,
_d1927-1997
_953035
245 1 0 _aPenser la Revolution francaise /
_cFrancois Furet.
260 _aParis :
_bGallimard,
_c1989.
300 _a315 p. ;
_c18 cm.
490 1 _aFolio histoire ;
_v3
651 4 _aFrancia-
_xHistoria-
_y1789-1799, Revolución
_9241176
830 0 _aFolio histoire ;
_v3
_9189020
852 _aES-MaACL
_jL-13527
_bR.117155
_z. - rust.
999 _c6391
_d6391